LIBRARY & INFORMATION CENTRE, KCAET, TAVANUR

ONLINE PUBLIC ACCESS CATALOGUE (OPAC)

Quantitative aptitude for competitive examinations (Record no. 14847)

MARC details
000 -LEADER
fixed length control field 00320nam a22001217a 4500
020 ## - INTERNATIONAL STANDARD BOOK NUMBER
ISBN 9789352534029
082 ## - DEWEY DECIMAL CLASSIFICATION NUMBER
Classification number 371.264
Item number AGG/QU
100 ## - MAIN ENTRY--AUTHOR NAME
Personal name Aggarwal, R S
245 ## - TITLE STATEMENT
Title Quantitative aptitude for competitive examinations
260 ## - PUBLICATION, DISTRIBUTION, ETC. (IMPRINT)
Place of publication New Delhi
Name of publisher S Chand and Company Limited
Year of publication 2017
300 ## - PHYSICAL DESCRIPTION
Number of Pages 952
942 ## - ADDED ENTRY ELEMENTS (KOHA)
Koha item type Books
Holdings
Withdrawn status Lost status Damaged status Collection code Home library Current library Shelving location Date acquired Source of acquisition Cost, normal purchase price Full call number Accession Number Koha item type
        KAUAET KAUAET General Stacks 30/03/2017 Aman Books 725.00 371.264 AGG/QU 25513 Books
      Non-fiction KAUAET KAUAET General Stacks 27/05/2019   725.00 371.264 AGG/QU 25966 Books
      Non-fiction KAUAET KAUAET General Stacks 27/05/2019   725.00 371.264 AGG/QU 25967 Books
      General Books KAUAET KAUAET General Stacks 24/03/2023 Aman book stall,calicut 749.00 371.264 AGG/QU 26159 Books
free website counter